Motívy realizácie fúzií a akvizícií

Podniková kombinácia - fúzia, akvizícia. Druhy fúzií, akvizícií. Motívy realizácie fúzií a akvizícií - ofenzívne, defenzívne. Kritériá úspešnosti fúzií a akvizícií.

Salvato in:
Dettagli Bibliografici
Autore principale: Harumová, Anna, 1955-
Natura: Capitolo di libro
Lingua:slovacco
Soggetti:
Tags: Aggiungi Tag
Nessun Tag, puoi essere il primo ad aggiungerne!!

MARC

LEADER 00000naa$a2200000$$$4500
001 0106932
005 20240502072200.7
041 0 |a slo 
044 |a SK 
245 1 0 |a Motívy realizácie fúzií a akvizícií  |c Anna Harumová 
520 |a Podniková kombinácia - fúzia, akvizícia. Druhy fúzií, akvizícií. Motívy realizácie fúzií a akvizícií - ofenzívne, defenzívne. Kritériá úspešnosti fúzií a akvizícií. 
610 2 0 |a kombinácie podnikové 
610 2 0 |a fúzie 
610 2 0 |a akvizícia 
610 2 0 |a analýza finančná 
100 1 |a Harumová, Anna, 1955-